Brevet physique chimie relations - Statistiques

Statistiques générales
  • Ce quiz a été pris 2 269 fois
  • Le résultat moyen est 5 sur 7
Statistiques - réponses
Question Réponse % Correct
Quelle est la relation de la vitesse ? (v = vitesse, t = temps, d = distance) v = d : t
83%
Quelle est la relation du poids par rapport à la masse ? [Intensité de la gravité sur Terre notée g = 9,8 (en moyenne), m = masse en kg , p = poids en N (=Newton)] p = m * g
78%
Quelle est la relation de l'énergie cinétique ? [Ec = énergie cinétique en J (=Joule), m = kg, v = m/s] Ec = 0,5 * m * v²
69%
Quelle est la relation de la loi d'ohm ? [U = tension en V (=volt), R = résistance, I = intensité en A (=ampère)] U = R * I
69%
Quelle est la relation de la puissance par rapport à la tension et l'intensité ? [P = puissance en watt, U = tension en V (=volt), I = intensité en A (=ampère)] P = U * I
63%
Quelle est la relation de l'énergie électrique ? [E élec = énergie électrique en W.h (= watt heure), P = puissance en W(=watt)] E élec = P * t
58%
Quelle est la relation de la masse volumique ? (ρ = rhô = masse volumique en kg et m^3, m = masse en kg, v = volume en m^3 ρ = m : v
55%
Aucun quiz correspondant
Distribution des résultats
% des personnes avec chaque résultat
Percentile par nombre de réponses
Votre historique - résultats
Vous n’avez pas pris ce quiz